| 000 | 00685nam a22001217a 4500 | ||
|---|---|---|---|
| 040 | _cRUA | ||
| 082 | _aDVM SEN 2025 B707 Or.1 | ||
| 100 | _aSENG BUNSOVANNAROTH, សេង ប៊ុនសុវណ្ណារ័ត្ន | ||
| 245 | _aThe antibody titer of canine rabies at veterinary clinic in kokir commune, kien svay district , kandal province, កម្រិតអង់ទីករនៃជំងឺឆ្កែឆ្គួតលើសុនខនៅគ្លីនិកសត្វក្នុងឃុំគគីរ ស្រុកកៀនស្វាយ ខេត្តកណ្ដាល | ||
| 260 |
_aPHNOM PENH _bRUA _c2025 |
||
| 300 |
_ax,61p. _bill. _c29cm. |
||
| 942 | _cNRM | ||
| 999 |
_c25702 _d25702 |
||